Desarrollo Infantil. Primer año de vida. I Marco Teorico (Registro nro. 1639)

Detalles MARC
000 -LEADER
fixed length control field 00564nam a2200205 a 4500
003 - CONTROL NUMBER IDENTIFIER
control field OSt
005 - FECHA ULTIMA MODIFICACION
control field 20130918194252.0
008 - FIXED-LENGTH DATA ELEMENTS--GENERAL INFORMATION
fixed length control field 130918n ag ||||| |||| 00| 0 spa d
040 ## - CATALOGING SOURCE
Transcribing agency Biblioteca Medicina
041 ## - LANGUAGE CODE
Language code of text/sound track or separate title spa
082 ## - DEWEY DECIMAL CLASSIFICATION NUMBER
Item number MINISTERIO DE SALUD 0375
110 ## - MAIN ENTRY--CORPORATE NAME
Corporate name or jurisdiction name as entry element Ministerio de Salud
9 (RLIN) 2598
245 00 - TITLE STATEMENT
Title Desarrollo Infantil. Primer año de vida. I Marco Teorico
250 ## - EDITION STATEMENT
Edition statement 1º ed.
260 ## - PUBLICATION, DISTRIBUTION, ETC. (IMPRINT)
Place of publication, distribution, etc Buenos Aires
Name of publisher, distributor, etc Ministerio de Salud
Date of publication, distribution, etc 200?
300 ## - PHYSICAL DESCRIPTION
Extent 16 p.
653 ## - INDEX TERM--UNCONTROLLED
Uncontrolled term PEDIATRIA
653 ## - INDEX TERM--UNCONTROLLED
Uncontrolled term DESARROLLO INFANTIL-PRIMER AÑO
942 ## - ADDED ENTRY ELEMENTS (KOHA)
Source of classification or shelving scheme Dewey Decimal Classification
Koha item type Hemeroteca

No hay ítems disponibles.


UNIVERSIDAD NACIONAL DEL COMAHUE
Biblioteca de la Facultad de Ciencias Médicas
Sede Toschi: Los Arrayanes y Av. Toschi, Cipolletti  - Rio Negro
Sede Los Tordos:  Yrigoyen al 2211, Cipolletti - Rio Negro 

Teléfono: 0299 - 4774707 int 25
Contacto: biblioteca@facimed.uncoma.edu.ar
© 2011 - 2026